banner koha

Consequencias do cultivo e do pousio sobre a materia organica do solo sob floresta natural na Amazonia oriental (Registro n. 138876)

MARC details
000 -LÍDER
campo de controle de tamanho fixo 00954nas a2200289 4500
001 - NÚMERO DE CONTROLE
campo de controle BR9211675
003 - IDENTIFICADOR DO NÚMERO DE CONTROLE
campo de controle BR-BrBNA
005 - DATA E HORÁRIO DA ÚLTIMA TRANSAÇÃO
campo de controle 20231205093516.0
007 - CAMPO FIXO DE DESCRIÇÃO FÍSICA--INFORMAÇÃO GERAL
campo de controle de tamanho fixo ta
008 - CAMPO DE DADOS FIXOS--INFORMAÇÃO GERAL
campo de controle de tamanho fixo 230509b bl.|||p| |||| 00| 00por d
040 ## - FONTE DA CATALOGAÇÃO
Instituição da catalogação original BR-BrBNA
Idioma da catalogação por
Instituição que transcreveu o registro Biblioteca Nacional de Agricultura
041 ## - CÓDIGO DE IDIOMA
Código do idioma do texto/trilha sonora ou título diferente (Pt)
072 ## - CÓDIGO DE CATEGORIA DE ASSUNTO
Código de Categoria de Assunto F01
100 1# - ENTRADA PRINCIPAL--NOME PESSOAL
Nome pessoal Martins, P.F. da S.
100 1# - ENTRADA PRINCIPAL--NOME PESSOAL
Nome pessoal Volkoff, B.
100 1# - ENTRADA PRINCIPAL--NOME PESSOAL
Nome pessoal Cerri, C.C.
100 1# - ENTRADA PRINCIPAL--NOME PESSOAL
Nome pessoal Andreux, F.
245 1# - TÍTULO
Título Consequencias do cultivo e do pousio sobre a materia organica do solo sob floresta natural na Amazonia oriental
246 1# - FORMA VARIANTE DO TÍTULO
Título/título abreviado [Differents condition of soil use on the organic matter at the natural forest in the Amazon, Brazil]
650 ## - ASSUNTO--TERMO TÓPICO
Cabeçalho tópico ou nome geográfico CULTIVO DO SOLO
650 ## - ASSUNTO--TERMO TÓPICO
Cabeçalho tópico ou nome geográfico POUSIO
650 ## - ASSUNTO--TERMO TÓPICO
Cabeçalho tópico ou nome geográfico MATERIA ORGANICA
650 ## - ASSUNTO--TERMO TÓPICO
Cabeçalho tópico ou nome geográfico AMAZONIA
773 0# - ENTRADA ANALÍTICA
Título Acta Amazonica (Brazil)
ISSN - International Standard Serial Number ISSN 0044-5967
Partes relacionadas (Mar-Dec 1990), v. 20 p. 19-28
Número de controle do registro BR9211675
909 ## -
-- 202311
-- Lúcia
-- 55
-- Lúcia Elande
942 ## - ELEMENTOS DE ENTRADA ADICIONADOS (KOHA)
Fonte da classificação ou esquema de arquivamento na estante Classificação AGRIS
Ocultar no OPAC Não
Tipo de material Koha Analítica
Exemplares
Situação do descarte Fonte da classificação ou esquema de arquivamento na estante Situação física Não pode ser emprestado Biblioteca de origem Biblioteca atual Localização na estante Enumeração do periódico / cronologia Total de empréstimos Data de último acesso Número do exemplar Tipo de material Koha Fonte de aquisição
  Classificação AGRIS   Consulta local Biblioteca Nacional de Agricultura - Binagri Biblioteca Nacional de Agricultura - Binagri   (Mar-Dec 1990), v. 20 p. 19-28   29/11/2023 01 Periódicos Portaria Interministerial nº 164/94

BINAGRI

Telefone: (61)3218-2567/2388/3357/2097 - binagri@agro.gov.br

Ministério da Agricultura e Pecuária , Esplanada dos Ministérios, Bloco D, Anexo B, Brasília/DF, CEP: 70.043-900